|
|
|
|
| LEADER |
00656nta a2200169 i 4500 |
| 001 |
dipl60253 |
| 005 |
20190430131921.0 |
| 008 |
161026s2015 hu om 0|| zxx d |
| 040 |
|
|
|a SZTE Diploma Repozitórium
|b hun
|
| 041 |
|
|
|a zxx
|
| 100 |
1 |
|
|a Sonkolyos Csaba
|
| 245 |
1 |
0 |
|a Orosháza rendezvényturizmusa
|h [elektronikus dokumentum] /
|c Csaba Sonkolyos
|
| 246 |
1 |
0 |
|a The importance of cultural and events tourism in Orosháza
|h [elektronikus dokumentum]
|
| 260 |
|
|
|c 2015
|
| 650 |
|
4 |
|a Természettudományok
|
| 700 |
2 |
|
|a Martyin-Csamangó Zita
|e ths
|
| 856 |
4 |
0 |
|u http://diploma.bibl.u-szeged.hu/id/eprint/60253/1/2016_Sonkolyos_Csaba_SOCUAAT_SZE_SZ.pdf
|z Dokumentum-elérés
|